| 000 | 00417cam a22001217a 4500 | ||
|---|---|---|---|
| 008 | 180718b1959 xxu||||| |||| 00| 0 eng d | ||
| 082 | _aH37x42 J984 | ||
| 245 | _aContempt of court: report by justice | ||
| 260 |
_aLondon _bStevens _c1959 |
||
| 300 | _a42p. | ||
| 500 | _aCommittee Chairman: Lord Shwoross Justice is the British Section of the International Commission of Jurists; 5/- | ||
| 650 | _aContempt of Court - UK | ||
| 999 |
_c370988 _d370988 |
||